Digital circuits and design / (Record no. 182140)
[ view plain ]
| 000 -LEADER | |
|---|---|
| fixed length control field | 00856 a2200193 4500 |
| 003 - CONTROL NUMBER IDENTIFIER | |
| control field | Nust |
| 005 - DATE AND TIME OF LATEST TRANSACTION | |
| control field | 20221129113603.0 |
| 020 ## - INTERNATIONAL STANDARD BOOK NUMBER | |
| International Standard Book Number | 8125907718 |
| 040 ## - CATALOGING SOURCE | |
| Transcribing agency | Nust |
| 082 ## - DEWEY DECIMAL CLASSIFICATION NUMBER | |
| Classification number | 621.3815,SAL |
| 100 ## - MAIN ENTRY--PERSONAL NAME | |
| Personal name | Salivahanan S |
| 9 (RLIN) | 103764 |
| 245 ## - TITLE STATEMENT | |
| Title | Digital circuits and design / |
| Statement of responsibility, etc. | S Salivahanan & S Arivazhagan |
| 260 ## - PUBLICATION, DISTRIBUTION, ETC. | |
| Place of publication, distribution, etc. | Vikas Publishing House Pvt Ltd |
| Name of publisher, distributor, etc. | New Delhi |
| Date of publication, distribution, etc. | 2000 |
| 300 ## - PHYSICAL DESCRIPTION | |
| Extent | 466 p |
| Other physical details | illus |
| Dimensions | 24 cm |
| 505 ## - FORMATTED CONTENTS NOTE | |
| Formatted contents note | Number System and Codes (Page-1), Boolean Algebra and Minimization Techniques (Page-37), Logic Gates (Page-73), Logic Families (Page-97), Arithmetic Circuits (Page-147), Combinational Circuits (Page-171), Flip-Flops (Page-237), Counters (Page-279), Registers (Page-323), Memory Devices (Page-355), Sequential Logic Design (Page-415). |
| 600 ## - SUBJECT ADDED ENTRY--PERSONAL NAME | |
| Personal name | Salivahanan S |
| 9 (RLIN) | 103764 |
| 650 ## - SUBJECT ADDED ENTRY--TOPICAL TERM | |
| Topical term or geographic name entry element | Telecommunication engineering |
| 942 ## - ADDED ENTRY ELEMENTS (KOHA) | |
| Source of classification or shelving scheme | |
| Koha item type | Book |
| Withdrawn status | Lost status | Source of classification or shelving scheme | Damaged status | Not for loan | Permanent Location | Current Location | Shelving location | Date acquired | Full call number | Barcode | Date last seen | Price effective from | Koha item type | Public note |
|---|---|---|---|---|---|---|---|---|---|---|---|---|---|---|
| Military College of Signals (MCS) | Military College of Signals (MCS) | General Stacks | 12/12/2016 | 621.3815,SAL | MCS28519 | 12/08/2016 | 12/12/2016 | Book | Almirah No.33, Shelf No.2 |
